000 00753nam a2200217 a 4500
001 56412
003 BD-RjUL
005 20211209080407.0
008 161129s1963 enkd b 000 0 eng
035 _a(BD-RjUL)56536
040 _aDLC
_cOClU
_dUk
_dBD-RjUL
_dDLC
_beng
041 1 _aengrus
082 _a621.381
_223
_bSHF 1963
100 1 _aShevchik, Vladimir Nikolaevich
_9167793
245 1 0 _aFundamentals of microwave electronics /
_cVladimir Nikolaevich Shevchik ; Translated by L. A. Thompson. Translation edited by W. A. Gambling.
260 _aOxford ;
_aNew York:
_bPergamon Press,
_c1963.
300 _axxxi, 253 p. :
_bdiagrs. ;
_c24 cm.
504 _aBibliography: p.xxii-xxv; p. 243-246.
650 0 _aElectronics
_9167794
942 _2ddc
_cBK
999 _c56412
_d56412